banner-ar

منتجات الحليب الدهنية والمثلجات القشدية / (Record no. 41810)

MARC details
000 -الفاتح
حقل البيانات ثابتة الطول 00561nam a2200181Ia 4500
008 - عناصر البيانات ثابتة الطول - معلومات عامة
حقل البيانات ثابتة الطول 140319s9999 xx 000 0 ara d
040 ## - مصدر الفهرسة
وكالة الفهرسة الأصلية GCL /
وكالة النسخ GCL
082 04 - رقم تصنيف ديوى العشرى
رقم التصنيف 637
رقم المادة ا م
100 1# - المدخل الرئيسى - إسم شخصى
الإسم الشخصى ابراهيم حسين ابو لحية
245 10 - بيان العنوان
العنوان منتجات الحليب الدهنية والمثلجات القشدية /
بيان المسئوليه,etc ابراهيم حسين ابو لحية
700 1# - المدخل الاضافى - اسم شخصى
الإسم الشخصى حمزة محمد ابو طربوش
300 ## - الوصف المادى
التعداد 308 ص
490 ## - بيان السلسلة
عنوان السلسلة
650 04 - المدخل الاضافى بالموضوع-مصطلح موضوعى
مصطلح موضوعي الزراعة
650 04 - المدخل الاضافى بالموضوع-مصطلح موضوعى
مصطلح موضوعي منتجات الالبان
942 ## - عناصر المدخل الإضافي( كوها)
مصدر التصنيف او مخطط الترفيف Dewey Decimal Classification
Koha [default] item type كتاب
Holdings
حالة التراجع حالة الفقد حالة تلف ليس للاعارة المكان المؤقت الموقع الحالى تاريخ الاكتساب اجمالي اﻻعارات رقم الطلب الباركود تاريخ اخر مشاهدة تاريخ تفعيل السعر نوع وعاء كوها
        مكتبة القاهرة الكبرى مكتبة القاهرة الكبرى 03/26/2014   637\ا م 100979 03/26/2014 03/26/2014 كتاب
        مكتبة القاهرة الكبرى مكتبة القاهرة الكبرى 03/26/2014   637\ا م 100980 03/26/2014 03/26/2014 كتاب
        مكتبة القاهرة الكبرى مكتبة القاهرة الكبرى 03/26/2014   637\ا م 100981 03/26/2014 03/26/2014 كتاب

Powered By

EGPV